000
00262nam a2200097Ia 4500
008
120527s9999 xx 000 0 und d
100
_a
METROPOLITAN,Museum
245
_a
Monet's years atgiverny:Beyond impressionnism.
260
_b
Metropolitan Museum
942
_c
BK
999
_c
24077
_d
24077